| 000 | 00750nam a2200265Ia 4500 | ||
|---|---|---|---|
| 001 | dia_3461 | ||
| 003 | CHAP | ||
| 005 | 20230313124901.0 | ||
| 008 | 220117s1984 xx 000 0 und d | ||
| 010 | _a173924 | ||
| 020 | _a968-18-1643-9 | ||
| 040 | _cCHAP | ||
| 082 | _a637.1 P4 | ||
| 100 |
_aPérez Gavilan Escalante, Jorge _989683 |
||
| 245 |
_aBioquímica y microbiología de la leche / _c Jorge Pérez Gavilan Escalante |
||
| 260 |
_aMexico, D. F. : _b Limusa, _c1984 |
||
| 300 | _a202 p. | ||
| 503 | _aC/E | ||
| 650 |
_a1.Leche _xanálisis _9154718 |
||
| 650 |
_aLeche _xbacteriología _965360 |
||
| 901 | _a637.1 P4 | ||
| 902 | _aM | ||
| 905 | _a0000001984 MX AM 0000000000SPA00 | ||
| 942 |
_cLIBRO _2ddc |
||
| 999 |
_c173924 _d173924 |
||